| LEADER 00000nam 2200000uu 4500 |
| 001 211339 |
| 003 ULIBM |
| 008 020711s2559 th a 000 0 tha d |
| 041 ^atha^beng
|
| 090 ^aวจ WY20.5 อ525ก 2559
|
| 100 อัญชลี อมาตยกุล...[และคนอื่นๆ]
|
| 245 การประเมินโครงการศูนย์ความเป็นเลิศทางวิชาการ ด้านสุขภาพของวิทยาลัยในสังกัดสถาบันพระบรมราชชนก =^bThe evaluation of the project on development of excellent center in health technology of colleges under the jurisdiction of prabobomarajchanok institute for health workforce development/^cอัญชลี อามตยกุล...[และคนอื่นๆ]
|
| 246 31 ^aThe evaluation of the project on development of excellent center in health technology of colleges under the jurisdiction of prabobomarajchanok institute for health workforce development
|
| 260 นนทบุรี :^bสถาบันพระบรมราชชนก สำนักงานปลัดกะทรวงสาธารณสุข,^c2559
|
| 300 ก-จ,96 หน้า :^bตาราง ;^c29 ซม.
|
| 650 4 ความเป็นเลิศทางวิชาการ^xวิจัย
|
| 650 4 ^aสถาบันพระบรมราชชนก^xวิจัย
|
| 650 4 ^aสุขภาพ
|
| 650 4 ^aพยาบาล^xความเป็นเลิศทางวิชาการ^xวิจัย
|
| 700 0 ^aอัญชลี อามตยกุล
|
| 710 2 ^aสำนักงานปลัดกะทรวงสาธารณสุข. สถาบันพระบรมราชชนก
|
| 999 ^aใช้งานได้ทุกระบบ
|